[Event "CHN-chB (Women)"]
[Site "Qinhuangdao"]
[Date "2017.07.17"]
[Round "3"]
[White "Xie, Libeilei"]
[Black "Li, Yunshan"]
[Result "0-1"]
[WhiteElo "1562"]
[BlackElo "2034"]
[PlyCount "86"]
[EventDate "2017.07.16"]
[EventType "swiss"]
[EventRounds "11"]
[EventCountry "CHN"]
[SourceTitle "CBM 179 Extra"]
[Source "ChessBase"]
[SourceDate "2017.08.23"]
[SourceVersion "1"]
[SourceVersionDate "2017.08.23"]
[SourceQuality "1"]

1. e4 c5 2. Nf3 e6 3. d4 cxd4 4. Nxd4 Nc6 5. Nc3 Qc7 6. Be3 a6 7. Qd2 Nf6 8. 0-0-0 Bb4 9. f3 Ne7 10. Nde2 b5 11. a3 Ba5 12. Kb1 Bb7 13. g4 h6 14. Bg2 d5 15. g5 hxg5 16. Bxg5 0-0-0 17. b4 dxe4 18. Qf4 Qxf4 19. Nxf4 exf3 20. bxa5 Rxd1+ 21. Rxd1 fxg2 22. h4 Nf5 23. Rg1 Nxh4 24. Kb2 e5 25. Nd3 Nd7 26. a4 bxa4 27. Nxa4 Nf5 28. Nc3 Rh1 29. Ne2 Nd4 30. Ndc1 Nxe2 31. Nxe2 Bf3 32. Be3 Bxe2 33. Rxg2 Bc4 34. Rxg7 f5 35. Kc3 Bd5 36. Rg6 f4 37. Bf2 e4 38. Rd6 e3 39. Bh4 Rxh4 40. Rxd5 f3 41. Rf5 e2 42. Kd2 Rd4+ 43. Ke1 Rd1+ 0-1